000 00477nam 22001813 4500
001 198407
010 _a972-42-0434-0
021 _b52556/92
090 _a198407
100 _a20251014d u||y0pory50 ba
200 _aQuem é quem no cinema e no vídeo
210 _aLisboa
_cCírculo de Leitores
_d1992
215 _a339 p.
_cencadernado
_d22 cm
606 _aCinema. Filmes
_916666
675 _a791
_vPT
_zpor
801 _aPT
_bBMMN
_gRPC
830 _cFernando
_fFernando
990 _cLIVROS